[Event "Kolomna-ch final 59th"]
[Site "Kolomna"]
[Date "2009.02.18"]
[Round "12"]
[White "Polikushin, Viktor"]
[Black "Kalinin, Aleksandr"]
[Result "0-1"]
[WhiteElo "1994"]
[BlackElo "2110"]
[PlyCount "126"]
[EventDate "2009.01.08"]
[EventType "tourn"]
[EventRounds "13"]
[EventCountry "RUS"]
[SourceTitle "EXT 2022"]
[Source "ChessBase"]
[SourceDate "2021.10.06"]
[SourceVersion "1"]
[SourceVersionDate "2021.10.06"]
[SourceQuality "1"]

1. c4 f5 2. Nc3 Nf6 3. g3 g6 4. Bg2 Bg7 5. d3 d6 6. Bd2 c6 7. Qc1 0-0 8. Bh6 Qb6 9. Bxg7 Kxg7 10. Qd2 e5 11. Na4 Qc7 12. Nc3 Be6 13. b3 Nbd7 14. Nf3 h6 15. 0-0 g5 16. e3 Rad8 17. Rad1 a6 18. Qb2 Kg6 19. Ne2 h5 20. h4 g4 21. Ng5 Bg8 22. d4 Nh7 23. dxe5 dxe5 24. Nxh7 Kxh7 25. Rd2 Nc5 26. Rfd1 Ne6 27. Qa3 Rxd2 28. Rxd2 Rd8 29. Qb4 Rxd2 30. Qxd2 Bf7 31. Nc1 Bg6 32. Qc3 f4 33. Nd3 fxg3 34. fxg3 e4 35. Nf4 Nxf4 36. exf4 Qd6 37. Kf2 c5 38. a3 Qd4+ 39. Qxd4 cxd4 40. c5 Kg7 41. b4 Kf7 42. a4 Ke7 43. Bf1 e3+ 44. Ke2 Be4 45. b5 a5 46. b6 Kd7 47. f5 Bxf5 48. Bg2 Kc8 49. Bd5 Bd7 50. Bf7 Bxa4 51. Bxh5 Bd7 52. Bg6 Be6 53. h5 a4 54. h6 Bg8 55. h7 Bxh7 56. Bxh7 a3 57. Bb1 Kd7 58. Ba2 Kc6 59. Kd3 Kxc5 60. Be6 Kxb6 61. Kc2 Kc5 62. Bxg4 a2 63. Kb2 d3 0-1